Visiones de acá y de allá : Implicaciones de la política antimigrante en las comunidades de origen mexicano en Estados Unidos y México /

I tiakina i:
Ngā taipitopito rārangi puna kōrero
Kaituhi matua: Vélez Ibáñez, Carlos G. (coordinación)
Ētahi atu kaituhi: Sánchez Benítez, Roberto (coordinación) (coordinación), Rodríguez Nicholls, Mariángela (coordinación) (coordinación)
Hōputu: Pukapuka
Reo:Pāniora
I whakaputaina: México : Ciudad Juárez, México : Arizona, EUA : UNAM ; Universidad Autónoma de Ciudad Juárez ; Arizona State University, 2015, c2015
Ngā marau:
Ngā Tūtohu: Tāpirihia he Tūtohu
Kāore He Tūtohu, Me noho koe te mea tuatahi ki te tūtohu i tēnei pūkete!

MARC

LEADER 00000nam^a2200000^a^4500
001 000399420
005 20250521000000.0
009 20260310121550.715
020 |a 978-607-02-7394-0 
037 |a Acervo ITESO - Biblioteca 
041 |a ESP 
082 |a 304. 873072  |b VEL 
100 |a Vélez Ibáñez, Carlos G.  |e (coordinación) 
245 1 0 |a Visiones de acá y de allá :  |b Implicaciones de la política antimigrante en las comunidades de origen mexicano en Estados Unidos y México /  |c Coord. de C.G. Vélez Ibáñez, R. Sánchez Benítez, M. Rodríguez Nicholls. 
264 4 |a México :  |b UNAM ;  |a Ciudad Juárez, México :  |b Universidad Autónoma de Ciudad Juárez ;  |a Arizona, EUA :  |b Arizona State University,  |c 2015, c2015 
300 |a 416 p. 
336 |a texto  |b txt  |2 rdacontenido 
337 |a sin mediación  |b n  |2 rdamedio 
338 |a volumen  |b nc  |2 rdasoporte 
521 |a FIL 2017 EEnlace Departamento de Estudios Sociopolíticos y Jurídicos 
649 |a XX 
650 |a Chicanos -  |x Condiciones Sociales y Culturales -  |x Tema Principal 
650 |a Migrantes Mexicanos -  |z EUA -  |x Condiciones Sociales y Culturales 
650 |a Inmigración -  |z EUA 
650 |a Emigración -  |z México 
650 |a Política Migratoria -  |z EUA -  |x Tema Principal 
650 |a Migración 
650 |a Sociología 
700 |a Sánchez Benítez, Roberto  |e (coordinación) 
700 |a Rodríguez Nicholls, Mariángela  |e (coordinación) 
910 |a Fondo General 
920 |a Impresos - Libros 
930 |a Colección General 
905 |a 101 
901 |a 0500294516  |b IT1  |c ACC  |i c157898  |u 20250521 
902 |a https://opac.biblio.iteso.mx/vufind/Record/000399420